| 000 | 00565nam a22001695i 4500 | ||
|---|---|---|---|
| 001 | 163855 | ||
| 003 | ES-MaACL | ||
| 005 | 20230906212826.0 | ||
| 008 | 990701s1897 phl |||| | spa d | ||
| 040 |
_aCARM _bspa _cCCPB | 3D |
||
| 100 | 1 |
_aRogel Lebres, Manuel. _9131983 |
|
| 245 | 1 | 0 |
_aLepra en Bisayas _b: (2º grupo de las Islas Filipinas) / _cpor Manuel Rogel Lebres ... |
| 260 |
_aManila : _bTipo-Litografía de Chofré y Comp., _c1897. |
||
| 300 |
_a292, [4] p. ; _c22 cm. |
||
| 752 |
_aFilipinas - _dManila |
||
| 852 |
_aES-MaACL _jG-11456 _z-- Enc. hol. |
||
| 999 |
_c163855 _d163855 |
||